000
00274nam a2200109 a 4500
005
20141022141959.0
008
120229s19uu xx 00 eng d
050
_a
CD
_b
G59 2009
245
_a
Teaching and learning with digital photography.
260
_c
2009.
942
_c
AVM
999
_c
276167
_d
276167